Beaute de la personne humaine : la Lumiere de Vatican II Trente ans Apres / [por] Pierre D' Ornellas

Збережено в:
Бібліографічні деталі
Автор: Ornellas, Pierre D' (autor)
Формат: Книга
Серія:Ecole Cathedrale ; 21
Предмети:
Теги: Додати тег
Немає тегів, Будьте першим, хто поставить тег для цього запису!

MARC

LEADER 00000nam^a2200000^u^4500
001 000545226
005 20250521000000.0
008 060220s1000^^^^^^^^^^^^r^^^^^000^0^spa^d
009 20260310131345.703
035 |a FMI 000014607 
037 |a Acervo Xavier Clavigero 
096 |a 5.4.4/109/C 
100 |a Ornellas, Pierre D'  |e (autor) 
245 1 0 |a Beaute de la personne humaine : la Lumiere de Vatican II Trente ans Apres / [por] Pierre D' Ornellas 
264 |a Paris : Mame, 1996 
300 |a 129 p. 
336 |a texto  |b txt  |2 rdacontenido 
337 |a sin mediación  |b n  |2 rdamedio 
338 |a volumen  |b nc  |2 rdasoporte 
440 0 |a Ecole Cathedrale ; 21 
649 |a XX 
650 |a Documentos eclesiásticos 
910 |a Fondo Francisco Migoya Covarrubias S.J. 
920 |a Impresos - Libros 
930 |a Fondos Especiales 
905 |a 134 
901 |a SBC05857  |b IT2  |c ESP  |u 20250521 
902 |a https://opac.biblio.iteso.mx/vufind/Record/000545226